/ چند نگر (Record no. 109061)

MARC details
000 -LEADER
fixed length control field 00762nam a22002537a 4500
005 - DATE AND TIME OF LATEST TRANSACTION
control field 20170123162348.0
010 ## - LIBRARY OF CONGRESS CONTROL NUMBER
LC control number A-998609
020 ## - INTERNATIONAL STANDARD BOOK NUMBER
Terms of availability 90.00
035 ## - SYSTEM CONTROL NUMBER
System control number A-998609
037 ## - SOURCE OF ACQUISITION
Source of stock number/acquisition Cen Lib/Ret
040 ## - CATALOGING SOURCE
Original cataloging agency DPL
Language of cataloging UR
082 ## - DEWEY DECIMAL CLASSIFICATION NUMBER
Classification number 841
Edition number ا ب ن
100 ## - MAIN ENTRY--PERSONAL NAME
Personal name ابنِ انشا۶
9 (RLIN) 134991
245 ## - TITLE STATEMENT
Title / چند نگر
Statement of responsibility, etc ابنِ انشا۶
246 ## - VARYING FORM OF TITLE
Title proper/short title Chand nagar /
Remainder of title by Ibn-e- Insha
260 ## - PUBLICATION, DISTRIBUTION, ETC. (IMPRINT)
Place of publication, distribution, etc دیللی
Name of publisher, distributor, etc عاکف بٹ ڈپو
Date of publication, distribution, etc 1998
270 ## - ADDRESS
City دیللی
Address مڈیا محل
Postal code 110006
300 ## - PHYSICAL DESCRIPTION
Extent 192p.
Dimensions 20cm(Hb)
650 ## - SUBJECT ADDED ENTRY--TOPICAL TERM
Topical term or geographic name as entry element اردو ادب
9 (RLIN) 134992
650 ## - SUBJECT ADDED ENTRY--TOPICAL TERM
Topical term or geographic name as entry element اردو ادب
Form subdivision شیری
9 (RLIN) 589
650 ## - SUBJECT ADDED ENTRY--TOPICAL TERM
Topical term or geographic name as entry element Urdu litrerature
9 (RLIN) 590
650 ## - SUBJECT ADDED ENTRY--TOPICAL TERM
Topical term or geographic name as entry element Urdu literature
Form subdivision Poetry
9 (RLIN) 591
942 ## - ADDED ENTRY ELEMENTS (KOHA)
Source of classification or shelving scheme Dewey Decimal Classification
Koha item type Urdu Bks
Classification part 841
Call number suffix ا ب ن
Holdings
Withdrawn status Lost status Damaged status Not for loan Home library Current library Date acquired Source of acquisition Cost, normal purchase price Total Checkouts Full call number Barcode Date last seen Copy number Cost, replacement price Price effective from Koha item type
        Central Library Central Library 19/02/2016 Cen Lib/Ref 90.00   841 ا ب ن A-998609 19/02/2016 1 90.00 19/02/2016 Urdu Bks

© Delhi Public Library
Hit Counter
free hit counter